FEEDBACK CONTROL THEORY (Record no. 571077)
[ view plain ]
| 000 -LEADER | |
|---|---|
| fixed length control field | 00370nam a22001337a 4500 |
| 020 ## - INTERNATIONAL STANDARD BOOK NUMBER | |
| International Standard Book Number | 0-02-330011-6 |
| 082 ## - DEWEY DECIMAL CLASSIFICATION NUMBER | |
| Classification number | 629.83 DOY'F |
| 100 ## - MAIN ENTRY--PERSONAL NAME | |
| Personal name | DOYLE, JOHN C ,FRANCIS, B., ATANNENBAUM, A. R |
| 9 (RLIN) | 61723 |
| 245 ## - TITLE STATEMENT | |
| Title | FEEDBACK CONTROL THEORY |
| 260 ## - PUBLICATION, DISTRIBUTION, ETC. | |
| Place of publication, distribution, etc. | NEWYORK' |
| Name of publisher, distributor, etc. | MACMILLAM |
| Date of publication, distribution, etc. | 1992 |
| 300 ## - PHYSICAL DESCRIPTION | |
| Extent | 227P |
| 650 ## - SUBJECT ADDED ENTRY--TOPICAL TERM | |
| Topical term or geographic name entry element | FEEDBACK CONTROL SYSTEM CONTROL THEORY |
| 9 (RLIN) | 61724 |
| 942 ## - ADDED ENTRY ELEMENTS (KOHA) | |
| Koha item type | Book |
| Withdrawn status | Lost status | Damaged status | Not for loan | Permanent Location | Current Location | Shelving location | Date acquired | Total Checkouts | Full call number | Barcode | Date last seen | Price effective from | Koha item type |
|---|---|---|---|---|---|---|---|---|---|---|---|---|---|
| College of Electrical & Mechanical Engineering (CEME) | College of Electrical & Mechanical Engineering (CEME) | General Stacks | 07/20/2017 | 629.83 DOY'F | CEME-25473 | 06/28/2021 | 06/28/2021 | Book |
